000 00634cam a22001814a 4500
005 20250605164345.0
008 250528s ||||||||||||||||||||||||d
035 _a23802
040 _aGR-AtMCL
_bgre
_dGR-AtMCL
_eAACR2
245 1 _aStress in Young Adult Age and its influence in Social Life/The Role of Self-Esteem
260 _c2015
300 _a50
520 _aAbstract, Introduction, Method, Design, Participants, Materials, Procedure, Results, Discussion, Reference, Appendices, Forms, Questionnaires, SPSS Results, PDP and CV.
700 1 _aPeleti Nikoleta
_99331
942 _cDS
999 _c8736
_d8736